Normal view
MARC view
Entry Personal Name
001 - CONTROL NUMBER
- control field: 22869
003 - CONTROL NUMBER IDENTIFIER
- control field: dpl
005 - DATE AND TIME OF LATEST TRANSACTION
- control field: 20101005145124.0
008 - FIXED-LENGTH DATA ELEMENTS
- fixed length control field: 101005|||a|||||| | ||| d
040 ## - CATALOGING SOURCE
- Original cataloging agency: dpl
- Transcribing agency: dpl
100 ## - HEADING--PERSONAL NAME
- Personal name: Ramanathan,Aaru
670 ## - SOURCE DATA FOUND
- Source citation: Work cat.: (dpl)47987: Gardner, Jane F. 22405, Hundred Tamil folk and tribal tales/, 2010
670 ## - SOURCE DATA FOUND
- Source citation: Work cat.: (dpl)47987: Gardner, Jane F. 22405, Hundred Tamil folk and tribal tales/, 2010
